<?xml version="1.0" encoding="UTF-8"?>
<record
    xmlns:xsi="http://www.w3.org/2001/XMLSchema-instance"
    xsi:schemaLocation="http://www.loc.gov/MARC21/slim http://www.loc.gov/standards/marcxml/schema/MARC21slim.xsd"
    xmlns="http://www.loc.gov/MARC21/slim">

  <leader>00487nam a22001697a 4500</leader>
  <controlfield tag="003">OSt</controlfield>
  <controlfield tag="005">20250201062232.0</controlfield>
  <controlfield tag="008">250201b        |||||||| |||| 00| 0 eng d</controlfield>
  <datafield tag="040" ind1=" " ind2=" ">
    <subfield code="c">DLC</subfield>
  </datafield>
  <datafield tag="050" ind1=" " ind2=" ">
    <subfield code="a">ED21C</subfield>
  </datafield>
  <datafield tag="082" ind1=" " ind2=" ">
    <subfield code="a">ED21C</subfield>
  </datafield>
  <datafield tag="100" ind1=" " ind2=" ">
    <subfield code="a"> Edappulavan, Jipson Joseph</subfield>
    <subfield code="9">384</subfield>
  </datafield>
  <datafield tag="245" ind1=" " ind2=" ">
    <subfield code="a">Celebration of Mutuality:</subfield>
    <subfield code="b">In the Sacrament of Covenantal love-Relationship</subfield>
    <subfield code="c">by Jipson Joseph Edappulavan</subfield>
  </datafield>
  <datafield tag="260" ind1=" " ind2=" ">
    <subfield code="a">Bangalore:</subfield>
    <subfield code="b">Omega Book World,</subfield>
    <subfield code="c">2022.</subfield>
  </datafield>
  <datafield tag="300" ind1=" " ind2=" ">
    <subfield code="a">467p.</subfield>
  </datafield>
  <datafield tag="942" ind1=" " ind2=" ">
    <subfield code="2">ddc</subfield>
    <subfield code="c">BK</subfield>
  </datafield>
  <datafield tag="999" ind1=" " ind2=" ">
    <subfield code="c">11284</subfield>
    <subfield code="d">11284</subfield>
  </datafield>
  <datafield tag="952" ind1=" " ind2=" ">
    <subfield code="0">0</subfield>
    <subfield code="1">0</subfield>
    <subfield code="2">ddc</subfield>
    <subfield code="4">0</subfield>
    <subfield code="7">0</subfield>
    <subfield code="8">NFIC</subfield>
    <subfield code="a">HMC</subfield>
    <subfield code="b">HMC</subfield>
    <subfield code="c">GEN</subfield>
    <subfield code="d">2025-02-01</subfield>
    <subfield code="l">0</subfield>
    <subfield code="o">249 ED21C</subfield>
    <subfield code="p">013246</subfield>
    <subfield code="r">2025-02-01 06:23:05</subfield>
    <subfield code="w">2025-02-01</subfield>
    <subfield code="y">BK</subfield>
  </datafield>
</record>
